| 000 | 00709nam a2200205Ii 4500 | ||
|---|---|---|---|
| 003 | JO-AjNU | ||
| 008 | 230605s9999||||xx |||||||||||||| ||und|| | ||
| 040 |
_aJO-AjNU _bara _erda _cJO-AjNU |
||
| 041 | _aara | ||
| 050 | 1 | 4 | _aU263.K8212 1985 |
| 100 | 3 |
_aتاليف كودوين ،بيتر؛ترجمه عائدة رضا , _eauthor _920368 |
|
| 245 | 0 | 0 | _aحقائق عن الحرب النووية |
| 264 | 3 | 1 | _aبغداد :وزارة الثقافة والاعلام ،1985 |
| 300 | _a142ص | ||
| 336 |
_atext _btxt _2rdacontent |
||
| 337 |
_aunmediated _bn _2rdamedia |
||
| 338 |
_avolume _bnc _2rdacarrier |
||
| 490 | 0 | _aكتاب العلوم المترجم 1 | |
| 650 | 4 |
_aالحرب النووية _920369 |
|
| 999 |
_aA6892 _c10460 _d10460 |
||